INDIAN JOURNAL OF NETWORKING AND COMPUTER (Record no. 32604)

MARC details
000 -LEADER
fixed length control field 00195nam a22000977a 4500
003 - CONTROL NUMBER IDENTIFIER
control field SGT
245 ## - TITLE STATEMENT
Title INDIAN JOURNAL OF NETWORKING AND COMPUTER
260 ## - PUBLICATION, DISTRIBUTION, ETC. (IMPRINT)
Year of Publication 2014
300 ## - PAGE DESCRIPTION
No. of Pages 141
942 ## - ADDED ENTRY ELEMENTS (KOHA)
Source of classification or shelving scheme Dewey Decimal Classification
Koha item type Back Volumes
Holdings
Withdrawn status Lost status Source of classification or shelving scheme Damaged status Not for loan Collection code Home library Current library Shelving location Date acquired Total Checkouts Accession No. (Barcode) Date last seen Bill Date Koha item type
    Dewey Decimal Classification     ENGINEERING SGT Engineering Library SGT Engineering Library On Display 28/08/2025   FEP138 28/08/2025 28/08/2025 Back Volumes